Elementos de bioquímica / (Record no. 218884)
[ view plain ]
| 000 -CABECERA | |
|---|---|
| campo de control de longitud fija | 01718nam a2200301 a 4500 |
| 003 - IDENTIFICADOR DEL NÚMERO DE CONTROL | |
| campo de control | CHAP |
| 005 - FECHA Y HORA DE LA ÚLTIMA TRANSACCIÓN | |
| campo de control | 20230602183542.0 |
| 007 - CAMPO FIJO DE DESCRIPCIÓN FÍSICA--INFORMACIÓN GENERAL | |
| campo de control de longitud fija | ta |
| 008 - DATOS DE LONGITUD FIJA--INFORMACIÓN GENERAL | |
| campo de control de longitud fija | 230602s1993 mx ad||fr|||| 001 0 spa d |
| 020 ## - NÚMERO INTERNACIONAL ESTÁNDAR DEL LIBRO | |
| Número Internacional Estándar del Libro | 968-25-2035-5 |
| 040 ## - FUENTE DE LA CATALOGACIÓN | |
| Centro catalogador/agencia de origen | mxchpua |
| Centro/agencia transcriptor | CHAP |
| Normas de descripción | rda |
| 050 10 - SIGNATURA TOPOGRÁFICA DE LA BIBLIOTECA DEL CONGRESO | |
| Número de clasificación | QP514.2 |
| Número de documento/Ítem | .H47 1993 |
| 082 00 - NÚMERO DE LA CLASIFICACIÓN DECIMAL DEWEY | |
| Número de clasificación | 574.192 |
| Número de documento/Ítem | H47 1993 |
| Número de edición | 20 |
| 100 1# - ENTRADA PRINCIPAL--NOMBRE DE PERSONA | |
| 9 (RLIN) | 54963 |
| Nombre de persona | Herrera, Emilio |
| Término indicativo de función/relación | autor |
| 245 10 - MENCIÓN DE TÍTULO | |
| Título | Elementos de bioquímica / |
| Mención de responsabilidad, etc. | Emilio Herrera ; colaboradores Juan Aguilar Piera...[y otros] |
| 250 ## - MENCIÓN DE EDICIÓN | |
| Mención de edición | 1a edición |
| 264 ## - PRODUCCIÓN, PUBLICACIÓN, DISTRIBUCIÓN, FABRICACIÓN Y COPYRIGHT | |
| Producción, publicación, distribución, fabricación y copyright | México : |
| Nombre del de productor, editor, distribuidor, fabricante | Interamericana : McGraw-Hill, |
| Fecha de producción, publicación, distribución, fabricación o copyright | 1993 |
| 300 ## - DESCRIPCIÓN FÍSICA | |
| Extensión | xii, 1076 páginas : |
| Otras características físicas | ilustraciones, tablas, gráficas |
| 336 ## - TIPO DE CONTENIDO | |
| Fuente | rdacontent |
| Término de tipo de contenido | texto |
| Código de tipo de contenido | txt |
| 337 ## - TIPO DE MEDIO | |
| Fuente | rdamedia |
| Nombre/término del tipo de medio | sin medio |
| Código del tipo de medio | n |
| 338 ## - TIPO DE SOPORTE | |
| Fuente | rdacarrier |
| Nombre/término del tipo de soporte | volumen |
| Código del tipo de soporte | nc |
| 504 ## - NOTA DE BIBLIOGRAFÍA, ETC. | |
| Nota de bibliografía, etc. | Incluye bibliografías |
| 505 0# - NOTA DE CONTENIDO CON FORMATO | |
| Nota de contenido con formato | 1. Concepto y perspectiva de la bioquímica -- <br/>2. El medio intracelular. Agua y electrolitos --<br/>3. Estructura y propiedades de los aminoácidos--<br/>4, Estructura de las proteínas --<br/>5. Enzimas -- <br/>6. Cinética enzimática -- <br/>7. Control de la actividad enzimática. Enzimología clínica --<br/>8. Vitaminas y coenzimas --<br/>9. Principios de la termodinámica aplicados a la bioquímica. Bioenergética --<br/>10. Oxidación biológica y cadena respiratoria --<br/>11. Ciclos del ácido cítrico y del ácido glioxílico -- <br/>12. Estructura y química de los monosacáridos --<br/>13. Carbohidratos en la dieta. Digestión y absorción de carbohidratos --<br/>14. Glucólisis --<br/>15.Glucogénesis -- <br/>16. La vía de las pentosas-fosfato --<br/>18.Estructura de lípidos... |
| 650 13 - PUNTO DE ACCESO ADICIONAL DE MATERIA--TÉRMINO DE MATERIA | |
| 9 (RLIN) | 12849 |
| Término de materia o nombre geográfico como elemento de entrada | Bioquímica |
| 650 13 - PUNTO DE ACCESO ADICIONAL DE MATERIA--TÉRMINO DE MATERIA | |
| 9 (RLIN) | 150448 |
| Término de materia o nombre geográfico como elemento de entrada | Biochemistry |
| 700 1# - PUNTO DE ACCESO ADICIONAL--NOMBRE DE PERSONA | |
| 9 (RLIN) | 187325 |
| Nombre de persona | Aguilar Piera, Juan |
| Término indicativo de función/relación | colaborador |
| 942 ## - ELEMENTOS DE PUNTO DE ACCESO ADICIONAL (KOHA) | |
| Fuente del sistema de clasificación o colocación | Dewey Decimal Classification |
| Tipo de ítem Koha | |
| Estado de retiro | Estado de pérdida | Fuente del sistema de clasificación o colocación | Estado dañado | Restricciones de uso | No para préstamo | Código de colección | Localización permanente | Ubicación/localización actual | Fecha de adquisición | Fuente de adquisición | Número de inventario | Total de préstamos | Signatura topográfica completa | Código de barras | Fecha visto por última vez | Número de copia | Precio válido a partir de | Tipo de ítem Koha |
|---|---|---|---|---|---|---|---|---|---|---|---|---|---|---|---|---|---|---|
| Dewey Decimal Classification | Préstamo interno | General | Ingenieria Agroindustrial | Ingenieria Agroindustrial | 23/11/2021 | Donación | Donación | 574.192 H47 1993 | 1102014827 | 02/06/2023 | Ej. 1 | 02/06/2023 | Libro |
